Structure and dynamics of biomolecules : (Record no. 8810)

MARC details
000 -LEADER
fixed length control field 01211cam a22003134a 4500
001 - CONTROL NUMBER
control field 11827346
003 - CONTROL NUMBER IDENTIFIER
control field OSt
005 - DATE AND TIME OF LATEST TRANSACTION
control field 20240625120835.0
008 - FIXED-LENGTH DATA ELEMENTS--GENERAL INFORMATION
fixed length control field 991029s2000 enka b 001 0 eng
010 ## - LIBRARY OF CONGRESS CONTROL NUMBER
LC control number 99057003
020 ## - INTERNATIONAL STANDARD BOOK NUMBER
International Standard Book Number 9780198504535
020 ## - INTERNATIONAL STANDARD BOOK NUMBER
International Standard Book Number 0198504527 (pbk.)
040 ## - CATALOGING SOURCE
Transcribing agency MUST
042 ## - AUTHENTICATION CODE
Authentication code pcc
082 00 - DEWEY DECIMAL CLASSIFICATION NUMBER
Classification number 572.8
Edition number 22
100 ## - MAIN ENTRY--PERSONAL NAME
Personal name Fanchon, Eric
9 (RLIN) 17801
245 00 - TITLE STATEMENT
Title Structure and dynamics of biomolecules :
Remainder of title neutron and synchrotron radiation for condensed matter studies /
Statement of responsibility, etc. edited by Eric Fanchon ... [et al.].
260 ## - PUBLICATION, DISTRIBUTION, ETC. (IMPRINT)
Place of publication, distribution, etc. Oxford ;
-- New York :
Name of publisher, distributor, etc. Oxford University Press,
Date of publication, distribution, etc. 2000.
300 ## - PHYSICAL DESCRIPTION
Extent xv, 416 p. :
Other physical details ill. ;
Dimensions 25 cm.
504 ## - BIBLIOGRAPHY, ETC. NOTE
Bibliography, etc Includes bibliographical references and index.
650 #0 - SUBJECT ADDED ENTRY--TOPICAL TERM
Topical term or geographic name as entry element Macromolecules
General subdivision Structure.
9 (RLIN) 13713
650 #0 - SUBJECT ADDED ENTRY--TOPICAL TERM
Topical term or geographic name as entry element X-ray crystallography.
9 (RLIN) 13712
650 #0 - SUBJECT ADDED ENTRY--TOPICAL TERM
Topical term or geographic name as entry element Synchrotrons.
9 (RLIN) 17802
650 #0 - SUBJECT ADDED ENTRY--TOPICAL TERM
Topical term or geographic name as entry element Thermal neutrons.
9 (RLIN) 17803
700 1# - ADDED ENTRY--PERSONAL NAME
Personal name Fanchon, Eric.
9 (RLIN) 17801
906 ## - LOCAL DATA ELEMENT F, LDF (RLIN)
a 7
b cbc
c orignew
d 1
e ocip
f 19
g y-gencatlg
942 ## - ADDED ENTRY ELEMENTS (KOHA)
Source of classification or shelving scheme Dewey Decimal Classification
Koha item type Open Shelf
Holdings
Withdrawn status Lost status Source of classification or shelving scheme Damaged status Not for loan Home library Current library Date acquired Source of acquisition Inventory number Total Checkouts Full call number Barcode Date last seen Price effective from Koha item type
    Dewey Decimal Classification     MUST Main Library MUST Main Library 25/06/2024 Donation 03/20575   572.8 STR 2000 2024-21232 25/06/2024 25/06/2024 Open Shelf